Los grandes enigmas de la Segunda Guerra Mundial / (Record no. 75716)

MARC details
000 -LEADER
campo de control de longitud fija 00762nam a2200229 i 4500
001 - NÚMERO DE CONTROL
campo de control 75716
003 - IDENTIFICADOR DE NÚMERO DE CONTROL
campo de control ES-MaACL
005 - FECHA Y HORA DE LA ÚLTIMA TRANSACCIÓN
campo de control 20250818131140.0
008 - DATOS DE LONGITUD FIJA--INFORMACIÓN GENERAL
campo de control de longitud fija 040927m19681969sp a |||| | spa d
080 ## - NÚMERO DE LA CLASIFICACIÓN DECIMAL UNIVERSAL
Número de la Clasificación Decimal Universal 94(100)"1939/45"
245 04 - MENCIÓN DEL TÍTULO
Título Los grandes enigmas de la Segunda Guerra Mundial /
Mención de responsabilidad, etc. [presentados por Bernard Michal ; traducción de Jaime Jerez, Jaime Torner].
260 ## - PUBLICACIÓN, DISTRIBUCIÓN, ETC.
Lugar de publicación, distribución, etc. [Madrid :
Nombre del editor, distribuidor, etc. Círculo de Amigos de la Historia,
Fecha de publicación, distribución, etc. 1968-1969]
300 ## - DESCRIPCIÓN FÍSICA
Extensión 2 v. :
Otras características físicas il. ;
Dimensiones 18 cm.
505 8# - NOTA DE CONTENIDO CON FORMATO
Nota de contenido con formato Contiene: V. 1 y 3
650 #4 - PUNTO DE ACCESO ADICIONAL DE MATERIA--TÉRMINO DE MATERIA
Término de materia o nombre geográfico como elemento de entrada Guerra mundial, 1939-1945.
9 (RLIN) 13228
700 1# - ENTRADA AGREGADA--NOMBRE PERSONAL
Nombre de persona Michal, Bernard.
9 (RLIN) 80865
700 1# - ENTRADA AGREGADA--NOMBRE PERSONAL
Nombre de persona Jerez, Jaime.
9 (RLIN) 66333
700 1# - ENTRADA AGREGADA--NOMBRE PERSONAL
Nombre de persona Torner, Jaime.
9 (RLIN) 110663
700 2# - ENTRADA AGREGADA--NOMBRE PERSONAL
Nombre de persona
9 (RLIN) 241865
852 4# - LOCALIZACIÓN
Ubicación ES-MaACL
Número de control de estantería P-1422
Holdings
Estatus retirado Estado de pérdida Estado de daño No para préstamo Biblioteca de origen Biblioteca actual Ubicación en estantería Fecha de adquisición Fuente de adquisición Total de préstamos Signatura topográfica completa Código de barras Visto por última vez Precio de reemplazo Tipo de ítem Koha
        Biblioteca del Ateneo de Madrid Biblioteca del Ateneo de Madrid Depósito 2 17/01/2008     P-1422 1079250 23/02/2023 23/02/2023 Libro impreso